000
00215nam a22000857a 4500
008
170209b xxu||||| |||| 00| 0 eng d
100
_9
2821
_a
CBSE
245
_a
Secondary School Curriculum
260
_a
New delhi
_b
CBSE
_c
2007
999
_c
6039
_d
6039